Using financial accounting: (Record no. 198837)
[ view plain ]
| 000 -LEADER | |
|---|---|
| fixed length control field | 00867nam a2200265Ia 4500 |
| 003 - CONTROL NUMBER IDENTIFIER | |
| control field | OSt |
| 005 - DATE AND TIME OF LATEST TRANSACTION | |
| control field | 20220208161646.0 |
| 008 - FIXED-LENGTH DATA ELEMENTS--GENERAL INFORMATION | |
| fixed length control field | 210716s2000 xx 000 0 und d |
| 020 ## - INTERNATIONAL STANDARD BOOK NUMBER | |
| International Standard Book Number | 0324006365 |
| 040 ## - CATALOGING SOURCE | |
| Transcribing agency | AIMIT LIBRARY |
| 041 ## - LANGUAGE CODE | |
| Language code of text/sound track or separate title | eng |
| 082 ## - DEWEY DECIMAL CLASSIFICATION NUMBER | |
| Classification number | 657.48 |
| Edition number | 2 |
| Item number | MURD |
| 100 ## - MAIN ENTRY--PERSONAL NAME | |
| Personal name | Murray, Dennis. |
| 9 (RLIN) | 18122 |
| 245 ## - TITLE STATEMENT | |
| Title | Using financial accounting: |
| Remainder of title | introduction / |
| Statement of responsibility, etc. | By Denis Murray, Bruce R. Neumann and Piester Elgers. |
| 250 ## - EDITION STATEMENT | |
| Edition statement | 2nd ed. |
| 260 ## - PUBLICATION, DISTRIBUTION, ETC. | |
| Place of publication, distribution, etc. | Australia : |
| Name of publisher, distributor, etc. | South western college publishing , |
| Date of publication, distribution, etc. | 2000. |
| 300 ## - PHYSICAL DESCRIPTION | |
| Extent | xx,736p. ; |
| Dimensions | 26.cm. |
| 650 ## - SUBJECT ADDED ENTRY--TOPICAL TERM | |
| Topical term or geographic name entry element | Financial Accounting. |
| 9 (RLIN) | 18123 |
| 650 ## - SUBJECT ADDED ENTRY--TOPICAL TERM | |
| Topical term or geographic name entry element | Financial Accounting and Environment. |
| 9 (RLIN) | 18124 |
| 650 ## - SUBJECT ADDED ENTRY--TOPICAL TERM | |
| Topical term or geographic name entry element | Statement Cash Flows. |
| 9 (RLIN) | 18125 |
| 650 ## - SUBJECT ADDED ENTRY--TOPICAL TERM | |
| Topical term or geographic name entry element | Shareholders Equity. |
| 9 (RLIN) | 18126 |
| 700 ## - ADDED ENTRY--PERSONAL NAME | |
| Personal name | Neumann, Bruce R. |
| 9 (RLIN) | 18127 |
| 700 ## - ADDED ENTRY--PERSONAL NAME | |
| Personal name | Elgers, Pieter. |
| 9 (RLIN) | 18128 |
| 942 ## - ADDED ENTRY ELEMENTS (KOHA) | |
| Source of classification or shelving scheme | Dewey Decimal Classification |
| Koha item type | Book |
| Edition | 2nd |
| Call number prefix | 657.48 MURD |
| Withdrawn status | Lost status | Source of classification or shelving scheme | Damaged status | Not for loan | Collection code | Home library | Current library | Date acquired | Source of acquisition | Total Checkouts | Full call number | Barcode | Date last seen | Price effective from | Koha item type |
|---|---|---|---|---|---|---|---|---|---|---|---|---|---|---|---|
| Dewey Decimal Classification | Reference Book | MBA | St Aloysius Institute of Management & Information Technology | St Aloysius Institute of Management & Information Technology | 02/01/2005 | Donated | 657.48 MURD | MBA01402 | 07/21/2025 | 07/16/2021 | Donated Books |